Score 0/20 Timer 03:00
0 Plays Today
Hint Answer % Correct
ABBAAll
96.7%
ABBAMia
96.4%
ABBAMe
95.3%
ABBAQueen
94.9%
AC/DCHell
94%
AC/DCLong
91.8%
ABBAChance
88.9%
AC/DCBlack
77.1%
AC/DCDone
62.8%
Paula AbdulUp
61.9%
Hint Answer % Correct
Paula AbdulOpposites
60.8%
AaliyahForth
49%
AaliyahYou
46.7%
AC/DCGet
30.9%
Paula AbdulForever
26%
Paula AbdulHearted
23.6%
AaliyahTry
14%
Paula AbdulPromise
11.5%
AaliyahBest
10.8%
AaliyahSomebody
10.8%

Today's Daily Dose

Missing Word
I Hardly Know Her!

Word Ladder
Sentence Ending

Quick Pick
Female Firsts

Get the Picture
Triathlon Sports

Remove Ads.
Support Sporcle.
Get the best of Sporcle when you Go Orange. This ad-free experience offers more features, more stats, and more fun while also helping to support Sporcle. Thank you for becoming a member.

You're not logged in!

Compare scores with friends on all Sporcle quizzes.
OR
Log In

Show Comments

Extras

Top Quizzes Today


Score Distribution

Your Account Isn't Verified!

In order to create a playlist on Sporcle, you need to verify the email address you used during registration. Go to your Sporcle Settings to finish the process.

Report this User

Report this user for behavior that violates our Community Guidelines.

Details: